[Event "BL 1213 SK Norderstedt - SG Solingen"]
[Site "?"]
[Date "2013.02.03"]
[Round "8.5"]
[White "L'Ami, Erwin"]
[Black "Bekker-Jensen, David"]
[Result "1-0"]
[WhiteElo "2631"]
[BlackElo "2286"]
[PlyCount "73"]
[EventDate "2013.??.??"]

1. d4 Nf6 2. c4 g6 3. Nf3 Bg7 4. g3 O-O 5. Bg2 d6 6. O-O c6 7. Nc3 Qa5 8. e4 e5
9. h3 Nbd7 10. Re1 exd4 11. Nxd4 Re8 12. Be3 Ne5 13. Bf1 c5 14. Nb3 Qd8 15. f4
Nc6 16. Bf2 a6 17. Qd2 Bf8 18. Rad1 Nd7 19. Qd3 Nb6 20. Nd2 Be6 21. b3 Nb4 22.
Qb1 Bg7 23. Qc1 Nc8 24. Nf3 Qa5 25. f5 Bd7 26. f6 Bxf6 27. e5 Bg7 28. Ne4 Re6
29. Nxc5 dxc5 30. Rxd7 Qb6 31. Qf4 Re7 32. Red1 Nc6 33. e6 fxe6 34. Ng5 Rxd7
35. Rxd7 N8e7 36. Qf7+ Kh8 37. Qxe6 1-0

[Event "BL 1213 SK Norderstedt - SG Solingen"]
[Site "?"]
[Date "2013.02.03"]
[Round "8.7"]
[White "Naumann, Alexander"]
[Black "Zierke, Oliver"]
[Result "1-0"]
[WhiteElo "2535"]
[BlackElo "2261"]
[PlyCount "87"]
[EventDate "2013.??.??"]

1. d4 d5 2. c4 e6 3. Nc3 c5 4. cxd5 exd5 5. Nf3 Nc6 6. g3 Nf6 7. Bg2 Be7 8. O-O
O-O 9. dxc5 Bxc5 10. a3 h6 11. b4 Bb6 12. Bb2 Be6 13. Na4 Ne4 14. Nxb6 Qxb6 15.
Nd4 Nd6 16. e3 Nc4 17. Bc3 Nxd4 18. Bxd4 Qb5 19. Bc3 Rfd8 20. Qd4 f6 21. Rfd1
Qe8 22. e4 Nb6 23. e5 f5 24. Qd3 Rac8 25. Bd4 Nc4 26. f4 b5 27. h3 a6 28. Kh2
Qd7 29. Bf3 Ra8 30. Rg1 Qf7 31. Bd1 a5 32. Bc2 g6 33. g4 Kh7 34. Qg3 Nd2 35.
Qe3 Nc4 36. Qf2 axb4 37. axb4 Rxa1 38. Rxa1 fxg4 39. hxg4 Bxg4 40. Ra7 Rd7 41.
e6 Qxe6 42. Ra8 Rg7 43. Bxg7 Kxg7 44. Qd4+ 1-0

[Event "BL 1213 Werder Bremen - SV Mülheim Nord"]
[Site "?"]
[Date "2013.02.23"]
[Round "9.1"]
[White "Fridman, Daniel"]
[Black "McShane, Luke James"]
[Result "1/2-1/2"]
[WhiteElo "2670"]
[BlackElo "2713"]
[PlyCount "293"]
[EventDate "2013.??.??"]

1. d4 d5 2. c4 c6 3. cxd5 cxd5 4. Bf4 Nc6 5. e3 Nf6 6. Nc3 a6 7. Bd3 Bg4 8.
Nge2 e6 9. O-O Be7 10. Rc1 Bh5 11. Bg3 O-O 12. f3 Bg6 13. Nf4 Rc8 14. Na4 Nd7
15. Bxg6 hxg6 16. Nd3 Nb4 17. Nxb4 Bxb4 18. a3 Be7 19. Qd2 Rc4 20. b4 Nb6 21.
Nb2 Rc8 22. Rxc8 Qxc8 23. Rc1 Nc4 24. Qc3 b5 25. Nd3 Qc6 26. Nc5 Ra8 27. Qd3 a5
28. Be1 Bg5 29. f4 Be7 30. Rc2 Ra7 31. Re2 Bxc5 32. dxc5 axb4 33. Bxb4 Qa8 34.
e4 Rd7 35. Qd4 Qc6 36. h3 Qc7 37. Rf2 dxe4 38. Qxe4 Rd5 39. Kh2 Qa7 40. Rf3 Qd7
41. Rg3 Kh7 42. Rg5 f5 43. Qe1 Rd1 44. Qh4+ Kg8 45. Qf2 Kf7 46. Rg3 Qd5 47. Bc3
Nd2 48. Bxd2 Rxd2 49. Qe3 Rc2 50. c6 Qxc6 51. Qa7+ Qc7 52. Qxc7+ Rxc7 53. Rb3
Rc5 54. h4 Ke7 55. g3 Kd6 56. Kh3 Rd5 57. Rb1 Kc6 58. Re1 Rd6 59. Re3 Kb6 60.
h5 gxh5 61. Kh4 Kc5 62. Kxh5 Kc4 63. Kg6 Rd3 64. Rxd3 Kxd3 65. Kxg7 Kc4 66. Kf6
Kb3 67. Kxe6 Kxa3 68. g4 fxg4 69. f5 g3 70. f6 g2 71. f7 g1=Q 72. f8=Q+ b4 73.
Qa8+ Kb2 74. Qh8+ Kb3 75. Qe5 Qg6+ 76. Ke7 Qd3 77. Kf8 Ka2 78. Qa5+ Qa3 79.
Qd5+ b3+ 80. Kg8 Qa4 81. Kh8 Qe8+ 82. Kg7 Qe3 83. Kg8 Kb2 84. Qg2+ Kc1 85. Qf1+
Kd2 86. Qg2+ Ke1 87. Qh1+ Kf2 88. Qb1 Qe6+ 89. Kf8 Qc8+ 90. Ke7 Qc2 91. Qh1
Qc7+ 92. Ke6 Qb6+ 93. Kf7 Kg3 94. Qb1 Qc7+ 95. Kg8 Qc4+ 96. Kh8 Qd4+ 97. Kh7 b2
98. Qe1+ Kf3 99. Qf1+ Qf2 100. Qd3+ Kg4 101. Qg6+ Kh3 102. Qe6+ Kg2 103. Qg6+
Kh1 104. Qe4+ Kg1 105. Qg6+ Qg2 106. Qb1+ Kh2 107. Kh8 Qh3+ 108. Kg7 Qc3+ 109.
Kg8 Qc4+ 110. Kh8 Qd4+ 111. Kh7 Qd7+ 112. Kh8 Qh3+ 113. Kg8 Qc8+ 114. Kg7 Qg4+
115. Kh8 Qh3+ 116. Kg7 Qg2+ 117. Kh8 Qd2 118. Qh7+ Kg1 119. Qg6+ Kf2 120. Qf5+
Ke3 121. Qe5+ Kd3 122. Qf5+ Kc4 123. Qe6+ Qd5 124. Qe2+ Kc3 125. Qe1+ Qd2 126.
Qg3+ Kc2 127. Qg6+ Qd3 128. Qg2+ Kc3 129. Qc6+ Qc4 130. Qf3+ Kb4 131. Qb7+ Qb5
132. Qe4+ Ka3 133. Qe3+ Qb3 134. Qc5+ Ka2 135. Qa5+ Qa3 136. Qd5+ Ka1 137. Qd4
Qa8+ 138. Kh7 Qc6 139. Kh8 Ka2 140. Qa7+ Kb3 141. Qf7+ Ka3 142. Qa7+ Kb4 143.
Qd4+ Kb3 144. Qd1+ Ka2 145. Qd2 Qe8+ 146. Kg7 Qe5+ 147. Kg8 1/2-1/2

[Event "BL 1213 Werder Bremen - SV Mülheim Nord"]
[Site "?"]
[Date "2013.02.23"]
[Round "9.3"]
[White "Tregubov, Pavel V"]
[Black "Fressinet, Laurent"]
[Result "1/2-1/2"]
[WhiteElo "2601"]
[BlackElo "2702"]
[PlyCount "40"]
[EventDate "2013.??.??"]

1. d4 d6 2. Nf3 g6 3. g3 Bg7 4. Bg2 Nd7 5. O-O e5 6. e4 Ngf6 7. Re1 O-O 8. a4
Re8 9. d5 a5 10. Nfd2 Nc5 11. Nc4 Bd7 12. Nc3 b6 13. Bd2 Bf8 14. b3 Nh5 15. Kh1
Be7 16. Rf1 Ng7 17. Qe2 f5 18. Rae1 Bf6 19. exf5 gxf5 20. Qd1 Re7 1/2-1/2

[Event "BL 1213 Werder Bremen - SV Mülheim Nord"]
[Site "?"]
[Date "2013.02.23"]
[Round "9.4"]
[White "Nyback, Tomi"]
[Black "Berelowitsch, Alexander"]
[Result "1-0"]
[WhiteElo "2598"]
[BlackElo "2565"]
[PlyCount "143"]
[EventDate "2013.??.??"]

1. d4 d5 2. c4 e6 3. Nf3 c5 4. cxd5 exd5 5. g3 Nc6 6. Bg2 Nf6 7. O-O Be7 8. Nc3
O-O 9. Bg5 c4 10. Ne5 Be6 11. Nxc6 bxc6 12. b3 Qa5 13. Qc2 Rac8 14. bxc4 dxc4
15. Ne4 Rfd8 16. e3 c5 17. d5 Nxd5 18. Bxe7 Nxe7 19. Ng5 Bf5 20. Qxc4 Bg6 21.
Be4 Qb6 22. Rad1 Qf6 23. Rxd8+ Rxd8 24. Bxg6 Nxg6 25. Qxc5 h6 26. Ne4 Qe6 27.
Qc2 Ne5 28. f3 Nc4 29. Qe2 f5 30. Nc5 Qxe3+ 31. Qxe3 Nxe3 32. Re1 Rd1 33. Kf2
Rxe1 34. Kxe1 Kf7 35. Kd2 Nd5 36. a3 Ke7 37. Kd3 Kd6 38. Kd4 Nc7 39. a4 Kc6 40.
h4 Kd6 41. Nb7+ Kc6 42. Na5+ Kd6 43. Nc4+ Ke6 44. Kc5 g5 45. hxg5 hxg5 46. Kc6
Nd5 47. Kb7 a5 48. Ka6 g4 49. fxg4 fxg4 50. Kxa5 Nc3 51. Ne3 Ne4 52. Nf1 Kd6
53. Kb6 Nc3 54. a5 Na4+ 55. Kb5 Nc3+ 56. Kc4 Ne2 57. Kb5 Kc7 58. a6 Nd4+ 59.
Kc4 Ne2 60. Kc5 Nc3 61. Ne3 Ne4+ 62. Kb5 Nd6+ 63. Ka5 Kc6 64. Nxg4 Nc4+ 65. Kb4
Nd2 66. Ne5+ Kc7 67. Nc4 Ne4 68. g4 Kc6 69. Ka5 Kc7 70. Na3 Kc6 71. Nb5 Ng5 72.
Nd6 1-0

[Event "BL 1213 Werder Bremen - SV Mülheim Nord"]
[Site "?"]
[Date "2013.02.23"]
[Round "9.5"]
[White "Golod, Vitali"]
[Black "Rapport, Richard"]
[Result "1/2-1/2"]
[WhiteElo "2565"]
[BlackElo "2621"]
[PlyCount "48"]
[EventDate "2013.??.??"]

1. d4 Nf6 2. c4 g6 3. Nc3 Bg7 4. e4 d6 5. Nf3 O-O 6. Be2 e5 7. O-O Nc6 8. Be3
Ng4 9. Bg5 f6 10. Bh4 g5 11. Bg3 f5 12. exf5 exd4 13. Nxd4 Nxd4 14. Bxg4 Bxf5
15. Rc1 Kh8 16. Re1 Qd7 17. Re4 Bxg4 18. Rxg4 Ne6 19. h4 gxh4 20. Rxh4 Rf5 21.
Rh5 Nd4 22. Rh4 Ne6 23. Rh5 Nd4 24. Rh4 Ne6 1/2-1/2

[Event "BL 1213 Werder Bremen - SV Mülheim Nord"]
[Site "?"]
[Date "2013.02.23"]
[Round "9.7"]
[White "Levin, Felix"]
[Black "Joachim, Sven"]
[Result "1/2-1/2"]
[WhiteElo "2508"]
[BlackElo "2436"]
[PlyCount "85"]
[EventDate "2013.??.??"]

1. d4 Nf6 2. c4 g6 3. Nc3 d5 4. cxd5 Nxd5 5. Bd2 Bg7 6. e4 Nb6 7. Be3 O-O 8. h3
e5 9. Nf3 exd4 10. Bxd4 Nc6 11. Bxg7 Kxg7 12. Bb5 Qxd1+ 13. Rxd1 Bd7 14. Na4
Be8 15. Nc5 Ne5 16. Nxe5 Bxb5 17. f4 Na4 18. Nxa4 Bxa4 19. Rd4 Bb5 20. Kf2 Rfd8
21. Rhd1 Rxd4 22. Rxd4 b6 23. g4 h6 24. h4 Kf6 25. g5+ hxg5 26. hxg5+ Ke6 27.
Rd1 Rh8 28. Kg3 c5 29. b3 Ke7 30. f5 gxf5 31. exf5 Rh5 32. a4 Be8 33. Kg4 f6
34. Nc6+ Kf8 35. gxf6 Rh6 36. Nxa7 Bh5+ 37. Kg5 Bxd1 38. Kxh6 Bxb3 39. Nc8 c4
40. Nxb6 c3 41. Nd7+ Kg8 42. Ne5 c2 43. Nd3 1/2-1/2

[Event "BL 1213 Werder Bremen - SV Mülheim Nord"]
[Site "?"]
[Date "2013.02.23"]
[Round "9.8"]
[White "Asendorf, Joachim Dr"]
[Black "Hausrath, Daniel"]
[Result "0-1"]
[WhiteElo "2356"]
[BlackElo "2484"]
[PlyCount "76"]
[EventDate "2013.??.??"]

1. c4 e6 2. g3 d5 3. Bg2 Nf6 4. Nf3 Be7 5. O-O O-O 6. b3 c5 7. Bb2 Nc6 8. e3 b6
9. Nc3 Ba6 10. d3 Rc8 11. Qe2 Rc7 12. Rad1 Rd7 13. e4 Nd4 14. Nxd4 cxd4 15. Nb1
dxe4 16. dxe4 e5 17. Bh3 Rc7 18. f4 Bc5 19. Rd3 Re8 20. f5 b5 21. Nd2 Bb4 22.
Rc1 Qc8 23. Bf1 Qb7 24. Bg2 Rec8 25. Bxd4 Bxd2 26. Rxd2 bxc4 27. Bxe5 c3 28.
Qd1 cxd2 29. Rxc7 Rxc7 30. Bxc7 Qxc7 31. Qxd2 h5 32. Bf3 Bb7 33. Qd4 Qc1+ 34.
Kf2 Qc2+ 35. Ke3 Qxh2 36. Qd8+ Kh7 37. Qb8 Qg1+ 38. Kd3 Ba6+ 0-1

[Event "BL 1213 Turm Emsdetten - SF Katernberg"]
[Site "?"]
[Date "2013.02.23"]
[Round "9.1"]
[White "Volokitin, Andrei"]
[Black "Mchedlishvili, Mikheil"]
[Result "0-1"]
[WhiteElo "2724"]
[BlackElo "2651"]
[PlyCount "77"]
[EventDate "2013.??.??"]

1. e4 c6 2. d4 d5 3. e5 Bf5 4. Nf3 e6 5. Be2 Ne7 6. O-O c5 7. dxc5 Nec6 8. Be3
Nd7 9. c4 dxc4 10. Na3 Bxc5 11. Bxc5 Nxc5 12. Nxc4 O-O 13. Qc1 Nd7 14. Qe3 Nb6
15. Nd6 Nd5 16. Qc5 Bg4 17. h3 Bh5 18. g4 Nf4 19. Qc4 Nxe2+ 20. Qxe2 Bg6 21.
Nxb7 Qb6 22. Nd6 Nb4 23. Rfd1 Nd5 24. Nh4 Rab8 25. Rd2 Qa5 26. Ng2 h6 27. Nc4
Qa4 28. Rd4 Rfc8 29. Nge3 Rb4 30. b3 Rxb3 31. axb3 Qxa1+ 32. Rd1 Qc3 33. Nxd5
exd5 34. Nd6 Rb8 35. e6 fxe6 36. Qxe6+ Kh7 37. h4 Qf3 38. Re1 Rb4 39. Re3 0-1

[Event "BL 1213 Turm Emsdetten - SF Katernberg"]
[Site "?"]
[Date "2013.02.23"]
[Round "9.2"]
[White "Swiercz, Dariusz"]
[Black "Romanov, Evgeny"]
[Result "0-1"]
[WhiteElo "2609"]
[BlackElo "2611"]
[PlyCount "106"]
[EventDate "2013.??.??"]

1. e4 e5 2. Nf3 Nc6 3. Bb5 Nf6 4. O-O Nxe4 5. d4 Nd6 6. Bxc6 dxc6 7. dxe5 Nf5
8. Qxd8+ Kxd8 9. h3 h5 10. Nc3 Bd7 11. Rd1 Kc8 12. Ng5 Be8 13. Bf4 b6 14. Rd3
Be7 15. Rad1 Kb7 16. Nge4 h4 17. Bg5 Bxg5 18. Nxg5 c5 19. Rd8 Nd4 20. Rxa8 Kxa8
21. Nd5 Bc6 22. Ne7 Ba4 23. Nxf7 Rf8 24. Ng5 Re8 25. b3 Rxe7 26. bxa4 Rxe5 27.
Nf3 Nxf3+ 28. gxf3 Re2 29. Rc1 c4 30. Kg2 g5 31. f4 gxf4 32. Kf3 Rd2 33. c3
Rxa2 34. Rf1 Rc2 35. Kxf4 Rxc3 36. Kg4 c6 37. f4 b5 38. axb5 cxb5 39. f5 Rg3+
40. Kh5 Rg8 41. f6 Kb7 42. f7 Rf8 43. Kg6 Kc6 44. Kg7 Rc8 45. f8=Q Rxf8 46.
Rxf8 b4 47. Kf6 b3 48. Rb8 Kd5 49. Kg5 a5 50. Kf4 Kd4 51. Kf3 Kd3 52. Rd8+ Kc2
53. Ke2 b2 0-1

[Event "BL 1213 Turm Emsdetten - SF Katernberg"]
[Site "?"]
[Date "2013.02.23"]
[Round "9.3"]
[White "Firman, Nazar"]
[Black "Spoelman, Wouter"]
[Result "0-1"]
[WhiteElo "2531"]
[BlackElo "2541"]
[PlyCount "130"]
[EventDate "2013.??.??"]

1. e4 c5 2. Nf3 d6 3. d4 cxd4 4. Nxd4 Nf6 5. Nc3 a6 6. Be2 e5 7. Nb3 Be7 8. O-O
O-O 9. Re1 Be6 10. Bf3 Nbd7 11. a4 h6 12. Nd2 Rc8 13. Nf1 Rc4 14. Bd2 Rd4 15.
Ng3 Nb6 16. Nge2 Rc4 17. b3 Rc8 18. a5 Nbd7 19. Ng3 Rc5 20. Na4 Rc6 21. c4 Ne8
22. Nf5 Bg5 23. Bb4 Qb8 24. Nc3 g6 25. h4 Bd8 26. Nxh6+ Kg7 27. Ng4 Bxh4 28.
Qd2 Rh8 29. g3 Bd8 30. Nd5 b5 31. axb6 Bxd5 32. exd5 Rxb6 33. Bc3 Rxb3 34. Rxa6
Nc5 35. Rc6 Na4 36. Ba1 Qa7 37. Kg2 Ba5 38. Qd1 Ra3 39. Rh1 Bc3 40. Rxh8 Rxa1
41. Rxe8 Rxd1 42. Rcc8 e4 43. Bxd1 Nb6 44. Rcd8 f5 45. c5 fxg4 46. cxb6 Qxb6
47. Bxg4 Be1 48. Rd7+ Kf6 49. Rf8+ Ke5 50. Rg7 Kxd5 51. Rxg6 Kd4 52. Re6 Qc7
53. Rf5 d5 54. Bd1 Qd7 55. Rff6 Kd3 56. Bg4 Bc3 57. Rf4 Qb7 58. Bf5 Kd2 59. Bg6
Bd4 60. Re8 Qb5 61. Re6 Ba7 62. Rf5 Qd3 63. f3 Bb8 64. f4 Ke1 65. Rf8 Qf1+ 0-1

[Event "BL 1213 Turm Emsdetten - SF Katernberg"]
[Site "?"]
[Date "2013.02.23"]
[Round "9.6"]
[White "Janssen, Ruud"]
[Black "Kotainy, Jens"]
[Result "0-1"]
[WhiteElo "2483"]
[BlackElo "2413"]
[PlyCount "60"]
[EventDate "2013.??.??"]

1. c4 e5 2. g3 Nc6 3. Nc3 g6 4. Bg2 Bg7 5. e4 d6 6. Nge2 Nge7 7. d3 O-O 8. O-O
Be6 9. Nd5 a5 10. Be3 a4 11. Qd2 Nd4 12. Rae1 c5 13. f4 Nxd5 14. exd5 Bg4 15.
Nxd4 exd4 16. Bf2 Qd7 17. b4 axb3 18. axb3 b5 19. Ra1 Rfe8 20. Rxa8 Rxa8 21.
Qb2 Bf5 22. Rd1 Qa7 23. cxb5 Qa5 24. Bf3 Qxb5 25. g4 Bxd3 26. Qd2 c4 27. bxc4
Bxc4 28. Bxd4 Qb3 29. Be3 Ra2 30. Qe1 Be2 0-1

[Event "BL 1213 Turm Emsdetten - SF Katernberg"]
[Site "?"]
[Date "2013.02.23"]
[Round "9.7"]
[White "Thesing, Matthias"]
[Black "Burg, Twan"]
[Result "0-1"]
[WhiteElo "2399"]
[BlackElo "2502"]
[PlyCount "60"]
[EventDate "2013.??.??"]

1. e4 c5 2. Nc3 d6 3. f4 g6 4. Nf3 Bg7 5. Bc4 Nc6 6. O-O Nf6 7. d3 O-O 8. f5 e6
9. fxg6 fxg6 10. e5 Nxe5 11. Nxe5 dxe5 12. Be3 b6 13. Ne4 Nxe4 14. Rxf8+ Bxf8
15. Qf3 Bd7 16. Qxe4 Bg7 17. Rf1 Qe8 18. Bg5 Bc6 19. Qe3 Bd5 20. Bf6 Bxf6 21.
Rxf6 e4 22. h4 Kg7 23. Rf2 Rd8 24. h5 Qe7 25. Qg3 Bxc4 26. Qe5+ Kh6 27. hxg6
Qg5 28. Qxg5+ Kxg5 29. g7 Rg8 30. dxc4 Rxg7 0-1

[Event "BL 1213 Turm Emsdetten - SF Katernberg"]
[Site "?"]
[Date "2013.02.23"]
[Round "9.8"]
[White "Fiebig, Thomas"]
[Black "Scholz, Christian"]
[Result "1-0"]
[WhiteElo "2402"]
[BlackElo "2389"]
[PlyCount "83"]
[EventDate "2013.??.??"]

1. e4 c5 2. c3 Nf6 3. e5 Nd5 4. Nf3 Nc6 5. d4 cxd4 6. cxd4 d6 7. Bc4 Nb6 8. Bb5
dxe5 9. Nxe5 Bd7 10. Nxd7 Qxd7 11. Nc3 e6 12. O-O Rd8 13. Qf3 Be7 14. Be3 a6
15. Bxc6 bxc6 16. Rac1 Nd5 17. Qg3 Nxe3 18. fxe3 O-O 19. Na4 Qd5 20. b3 a5 21.
Rc4 Bd6 22. Qf3 e5 23. dxe5 Qxe5 24. g3 Bb8 25. Rc5 Rd5 26. Rxc6 h5 27. Nb6 Rd3
28. Nc4 Qe8 29. Ra6 h4 30. Rxa5 hxg3 31. hxg3 Qe6 32. Rh5 g6 33. Rh4 Ba7 34.
Re4 Qh3 35. Re8 Rd7 36. Rxf8+ Kxf8 37. Ne5 Rc7 38. Nxg6+ Kg8 39. Qa8+ Kg7 40.
Qf8+ Kxg6 41. Qg8+ Kh5 42. Qh7+ 1-0

[Event "BL 1213 SG Turm Trier - SG Solingen"]
[Site "?"]
[Date "2013.02.23"]
[Round "9.1"]
[White "Ragger, Markus"]
[Black "Sanikidze, Tornike"]
[Result "1-0"]
[WhiteElo "2655"]
[BlackElo "2580"]
[PlyCount "201"]
[EventDate "2013.??.??"]

1. d4 d5 2. c4 e6 3. Nc3 Bb4 4. Nf3 Nf6 5. cxd5 exd5 6. Bg5 h6 7. Bh4 c5 8. e3
c4 9. Be2 g5 10. Bg3 Ne4 11. Rc1 Qa5 12. Ne5 Nxc3 13. bxc3 Bxc3+ 14. Kf1 Nc6
15. h4 Bb2 16. Rb1 c3 17. Nxc6 bxc6 18. hxg5 Bf5 19. Bd3 Bxd3+ 20. Qxd3 Qxa2
21. Ke2 Qc4 22. Be5 Rf8 23. Bg7 h5 24. Bxf8 Kxf8 25. Qxc4 dxc4 26. Kd1 a5 27.
Kc2 a4 28. Rxh5 Ke7 29. Rxb2 cxb2 30. Kxb2 Rb8+ 31. Kc3 a3 32. Rh1 Rb2 33. Ra1
Rxf2 34. Rxa3 Rxg2 35. Ra5 Kd6 36. Kxc4 Rf2 37. e4 Rc2+ 38. Kd3 Rg2 39. Rf5 Ke7
40. Ke3 Rg1 41. Kf4 Rf1+ 42. Ke3 Re1+ 43. Kd3 Rd1+ 44. Kc3 Rc1+ 45. Kd2 Rg1 46.
Rc5 Kd7 47. Ke3 Kd6 48. Rf5 Ke7 49. Rf6 Rc1 50. e5 c5 51. d5 Re1+ 52. Kf4 Rf1+
53. Kg4 Rg1+ 54. Kf3 Rxg5 55. d6+ Ke8 56. Ke4 c4 57. Rf3 Rg1 58. Ra3 Rd1 59.
Ra8+ Kd7 60. Ra7+ Ke8 61. Re7+ Kf8 62. Rc7 Ke8 63. Rxc4 Kd7 64. Rc7+ Ke8 65.
Re7+ Kf8 66. Ra7 Ke8 67. Rc7 Rd2 68. Rc3 Kd7 69. Rf3 Re2+ 70. Kd4 Ke8 71. Rf4
Rd2+ 72. Kc5 Re2 73. Ra4 Rc2+ 74. Rc4 Re2 75. Kc6 Kd8 76. Rc5 Rd2 77. Ra5 Rc2+
78. Kd5 Rd2+ 79. Kc5 Rc2+ 80. Kd4 Rd2+ 81. Kc3 Re2 82. Ra8+ Kd7 83. Ra7+ Kd8
84. Kd4 Rf2 85. Kd5 Rd2+ 86. Kc4 Rc2+ 87. Kd3 Rf2 88. Ke4 Re2+ 89. Kf5 Rf2+ 90.
Ke4 Re2+ 91. Kf4 Rf2+ 92. Kg3 Rf1 93. Re7 Re1 94. Kf4 Rg1 95. Kf5 Rf1+ 96. Kg5
Rf2 97. Kh6 Rf5 98. Kg7 Kc8 99. Kg8 Kd8 100. Kf8 Rh5 101. Kxf7 1-0

[Event "BL 1213 SG Turm Trier - SG Solingen"]
[Site "?"]
[Date "2013.02.23"]
[Round "9.2"]
[White "Bobras, Piotr"]
[Black "Stellwagen, Daniel"]
[Result "1-0"]
[WhiteElo "2560"]
[BlackElo "2622"]
[PlyCount "65"]
[EventDate "2013.??.??"]

1. e4 c6 2. d4 d5 3. Nc3 dxe4 4. Nxe4 Bf5 5. Ng3 Bg6 6. h4 h6 7. Nf3 Nd7 8. h5
Bh7 9. Bd3 Bxd3 10. Qxd3 e6 11. Bd2 Ngf6 12. O-O-O Be7 13. Kb1 O-O 14. Ne4 Nxe4
15. Qxe4 Nf6 16. Qe2 Qd5 17. Be3 a5 18. Ne5 a4 19. f3 a3 20. b3 Qa5 21. c4 c5
22. g4 cxd4 23. Bxd4 Rad8 24. g5 hxg5 25. h6 g6 26. h7+ Kh8 27. Ba1 Rxd1+ 28.
Qxd1 Kg7 29. Qc2 Rh8 30. Qh2 Kf8 31. Nd7+ Ke8 32. Nxf6+ Bxf6 33. Qb8+ 1-0

[Event "BL 1213 SG Turm Trier - SG Solingen"]
[Site "?"]
[Date "2013.02.23"]
[Round "9.3"]
[White "Sandipan, Chanda"]
[Black "Cyborowski, Lukasz"]
[Result "0-1"]
[WhiteElo "2596"]
[BlackElo "2530"]
[PlyCount "92"]
[EventDate "2013.??.??"]

1. d4 Nf6 2. Nf3 g6 3. Bf4 Bg7 4. e3 O-O 5. Be2 d6 6. h3 c5 7. c3 b6 8. O-O Bb7
9. a4 a6 10. Nbd2 Nbd7 11. Bh2 Ra7 12. Bd3 Qa8 13. e4 cxd4 14. cxd4 Nxe4 15.
Nxe4 Bxe4 16. Bxe4 Qxe4 17. Re1 Qd5 18. Rxe7 Rfa8 19. Rc1 Bf8 20. Re1 b5 21. a5
Nf6 22. b4 Bh6 23. Rc2 Ne4 24. Ree2 Re7 25. Qa1 f5 26. Qa2 Qxa2 27. Rxa2 Rc7
28. Rac2 Rac8 29. Ne1 Kf7 30. Kf1 Rc4 31. d5 Bf8 32. Rxc4 Rxc4 33. Rc2 Nc3 34.
Nf3 Nxd5 35. Rd2 Rc1+ 36. Ke2 Nc3+ 37. Kd3 Ne4 38. Rc2 Rxc2 39. Kxc2 Ke6 40.
Bg1 Bg7 41. Nd2 Nxd2 42. Kxd2 Kd5 43. Bh2 Kc4 44. Bxd6 Bc3+ 45. Kc2 Bxb4 46.
Bc7 Bc3 0-1

[Event "BL 1213 SG Turm Trier - SG Solingen"]
[Site "?"]
[Date "2013.02.23"]
[Round "9.4"]
[White "Gordon, Stephen"]
[Black "Smeets, Jan"]
[Result "0-1"]
[WhiteElo "2556"]
[BlackElo "2613"]
[PlyCount "156"]
[EventDate "2013.??.??"]

1. d4 d5 2. c4 c6 3. Nf3 Nf6 4. Nc3 e6 5. Bg5 Nbd7 6. cxd5 exd5 7. e3 Be7 8.
Bd3 Ne4 9. Bxe7 Qxe7 10. Qc2 Ndf6 11. O-O Bf5 12. Rab1 O-O 13. Na4 g6 14. b4 a6
15. Ne5 Rfe8 16. Rfe1 Nd6 17. Bxf5 Nxf5 18. Nc5 Nd6 19. a4 Nh5 20. a5 Ng7 21.
f3 f6 22. Ng4 Rad8 23. e4 dxe4 24. fxe4 h5 25. Ne3 Nxe4 26. d5 Nxc5 27. bxc5
Qe4 28. d6 Qxc2 29. Nxc2 Rxe1+ 30. Rxe1 Rd7 31. Nd4 Kf7 32. Kf2 Ne8 33. Kf3
Nxd6 34. cxd6 Rxd6 35. Nb3 Rd5 36. Re3 c5 37. Ke2 c4 38. Nd2 Rxa5 39. Nxc4 Rd5
40. Rb3 b5 41. Ne3 Rd4 42. Nc2 Rc4 43. Kd3 h4 44. Nd4 Ra4 45. Ke3 Ra2 46. Kf3
Rd2 47. Nxb5 axb5 48. Rxb5 h3 49. gxh3 Rxh2 50. Kg3 Rd2 51. h4 Rd3+ 52. Kg2 Ke6
53. Ra5 Rd5 54. Ra8 Re5 55. Rg8 Kf7 56. Ra8 Kg7 57. Kg3 Re3+ 58. Kg2 Rd3 59.
Rb8 Ra3 60. Rc8 Rb3 61. Ra8 Rb7 62. Kg3 Rf7 63. Kf4 Rf8 64. Ra7+ Kh6 65. h5 g5+
66. Kf5 Rb8 67. Kxf6 Rf8+ 68. Ke5 g4 69. Ke4 Kxh5 70. Rh7+ Kg5 71. Ke3 g3 72.
Rg7+ Kh4 73. Ke2 Kh3 74. Rh7+ Kg2 75. Re7 Rh8 76. Re6 Kh1 77. Rg6 g2 78. Kf2
Rf8+ 0-1

[Event "BL 1213 SG Turm Trier - SG Solingen"]
[Site "?"]
[Date "2013.02.23"]
[Round "9.6"]
[White "Haslinger, Stewart"]
[Black "Jussupow, Artur"]
[Result "1/2-1/2"]
[WhiteElo "2535"]
[BlackElo "2608"]
[PlyCount "49"]
[EventDate "2013.??.??"]

1. e4 e5 2. Nf3 Nf6 3. d4 exd4 4. e5 Ne4 5. Qxd4 d5 6. exd6 Nxd6 7. Nc3 Nc6 8.
Bb5 Nxb5 9. Qxd8+ Nxd8 10. Nxb5 Ne6 11. Ng5 Bb4+ 12. c3 Ba5 13. Nxe6 Bxe6 14.
Bf4 O-O-O 15. Nxa7+ Kb8 16. Nb5 Rhe8 17. Be3 f5 18. Na3 c6 19. O-O Bc7 20. Rfe1
f4 21. Bd4 Bxa2 22. Bxg7 Bb3 23. Bd4 f3 24. Rxe8 Rxe8 25. gxf3 1/2-1/2

[Event "BL 1213 SG Turm Trier - SG Solingen"]
[Site "?"]
[Date "2013.02.23"]
[Round "9.7"]
[White "Naumann, Alexander"]
[Black "Cioara, Andrei Nestor"]
[Result "1/2-1/2"]
[WhiteElo "2535"]
[BlackElo "2483"]
[PlyCount "47"]
[EventDate "2013.??.??"]

1. d4 Nf6 2. c4 e6 3. Nc3 Bb4 4. e3 O-O 5. Bd3 c5 6. Nf3 d5 7. O-O cxd4 8. exd4
dxc4 9. Bxc4 b6 10. Bg5 Bb7 11. Rc1 Nbd7 12. Re1 Rc8 13. Bd3 Re8 14. a3 Bxc3
15. bxc3 Qc7 16. Ne5 Nxe5 17. Rxe5 Qc6 18. f3 Nd7 19. Re2 Qd6 20. a4 Kh8 21.
Qe1 Bc6 22. Qh4 Nf8 23. Ba6 Ng6 24. Qg3 1/2-1/2

[Event "BL 1213 SG Turm Trier - SG Solingen"]
[Site "?"]
[Date "2013.02.23"]
[Round "9.8"]
[White "Seger, Ruediger"]
[Black "Hoffmann, Michael"]
[Result "1/2-1/2"]
[WhiteElo "2390"]
[BlackElo "2474"]
[PlyCount "68"]
[EventDate "2013.??.??"]

1. e4 c5 2. c3 d5 3. exd5 Qxd5 4. d4 Nf6 5. Nf3 e6 6. Be2 cxd4 7. cxd4 Nc6 8.
O-O Be7 9. Nc3 Qd6 10. Nb5 Qd8 11. Bf4 Nd5 12. Bg3 a6 13. Nc3 O-O 14. Rc1 Nf6
15. a3 b6 16. Bc4 Bb7 17. Ba2 b5 18. d5 exd5 19. Nxd5 Nxd5 20. Bxd5 Qb6 21. Ne5
Nxe5 22. Bxe5 Bxd5 23. Qxd5 Rac8 24. Qf3 Rxc1 25. Rxc1 Qe6 26. Bc3 Rc8 27. Re1
Qd7 28. Rd1 Qc6 29. Qg4 Bf8 30. h4 Re8 31. Rd7 f6 32. g3 Qe6 33. Qxe6+ Rxe6 34.
h5 Rc6 1/2-1/2

[Event "BL 1213 OSG Baden Baden - SV Wattensche"]
[Site "?"]
[Date "2013.02.23"]
[Round "9.1"]
[White "Bartel, Mateusz"]
[Black "Svidler, Peter"]
[Result "1/2-1/2"]
[WhiteElo "2635"]
[BlackElo "2747"]
[PlyCount "75"]
[EventDate "2013.??.??"]

1. e4 c5 2. Nf3 e6 3. Nc3 Nc6 4. g3 d5 5. Bg2 d4 6. Ne2 e5 7. d3 Bd6 8. O-O
Nge7 9. Nd2 O-O 10. f4 exf4 11. Nxf4 Ne5 12. Nf3 Bg4 13. h3 Nxf3+ 14. Bxf3 Bd7
15. Bg2 a5 16. Bd2 Ra6 17. Qh5 Qc7 18. e5 Bxe5 19. Rae1 Bf6 20. g4 g6 21. Nd5
Nxd5 22. Qxd5 Bh4 23. Re5 Re6 24. Bf4 Qc8 25. Qxc5 Rfe8 26. Qxc8 Rxc8 27. Rxa5
Rxc2 28. Bd5 Ra6 29. Rxa6 bxa6 30. Be5 Be6 31. Bxe6 fxe6 32. Bxd4 h5 33. a4 Rd2
34. Rf3 Rd1+ 35. Kg2 Ra1 36. gxh5 gxh5 37. Bf6 Rxa4 38. Bxh4 1/2-1/2

[Event "BL 1213 OSG Baden Baden - SV Wattensche"]
[Site "?"]
[Date "2013.02.23"]
[Round "9.2"]
[White "Adams, Michael"]
[Black "Bogner, Sebastian"]
[Result "1-0"]
[WhiteElo "2720"]
[BlackElo "2558"]
[PlyCount "86"]
[EventDate "2013.??.??"]

1. c4 Nf6 2. g3 e5 3. Bg2 c6 4. d4 e4 5. Nc3 d5 6. cxd5 cxd5 7. Bg5 Nbd7 8. e3
h6 9. Bf4 Bb4 10. Nge2 g5 11. Be5 Qe7 12. O-O O-O 13. Bc7 Nb8 14. Bxb8 Rxb8 15.
a3 Bd6 16. Qb3 Bg4 17. Kh1 Bxe2 18. Nxe2 g4 19. h4 Rfc8 20. Rfc1 Rc6 21. Rc3
Rbc8 22. Rac1 Qd7 23. Kg1 a6 24. Bf1 Kg7 25. R1c2 Be7 26. Kg2 Bd8 27. Rxc6 Rxc6
28. Rxc6 Qxc6 29. Nc3 Ba5 30. Na4 h5 31. Nc5 Bb6 32. Qc3 Kg6 33. Be2 Nd7 34.
Nxd7 Qxd7 35. Bd1 a5 36. b4 Kf6 37. bxa5 Bd8 38. Qc5 Ke6 39. Qf8 Bxa5 40. Qh6+
Ke7 41. Qxh5 f5 42. Qh7+ Kd6 43. Qh6+ Kc7 1-0